LEADER 01094nam a2200253 i 4500 001 000000168351 003 CaOOAMICUS 005 20080108000000.0 008 080108s1970 it u000 u ita u 013 $a145753 040 $aSeMil$bita 245 10$aAlmanacco della famiglia bustocca per l'anno 1970 /$c[presentazione di Narciso Ceriotti]. 260 $a[Busto Arsizio] :$bLa Famiglia Bustocca,$c1970. 300 $a247, [20] p. :$bill. ;$c21 cm. 500 $aFondo Card. Giovanni Colombo. 650 4$aBusto Arsizio - Folclore e tradizioni locali.$0(OLS)http://semarc/subject/5670 650 4$aBusto Arsizio - Almanacchi.$0(OLS)http://semarc/subject/17889 700 1 $aCeriotti, Narciso.$0(OLS)http://semarc/name/63215 850 $aSeMil 852 $aSeMil$W1$xVenegono$y1$m3P I 173$j119436$B119436$CSeMilBibl$Z2$F143300 $81 941 1 $a3 961 $aLascito: Colombo Card. Giovanni 996 $6245$aAlmanacco della famiglia bustocca per l'anno 1970$9(OLS)http://semarc/title/240864 996 $6260$a[Busto Arsizio] :$bLa Famiglia Bustocca$9(OLS)http://semarc/publisher/44010 LEADER 01473nam a2200301 i 4500 001 000000124392 003 CaOOAMICUS 005 20220321163507.0 008 040421s1987 it u000 u ita u 013 $a97089 040 $aSeMil$bita 100 1 $aSciascia, Leonardo,$d<1921-1989>.$0(OLS)http://semarc/name/1230 245 10$aInvenzione di una prefettura :$ble tempere di Duilio Cambellotti nel Palazzo del Governo di Ragusa /$cLeonardo Sciascia ; con un testo di Mario Quesada ; fotografie di Giuseppe Leone. 264 1$aMilano :$bBompiani,$c1987. 300 $a187 p. :$briccamente ill. ;$c35 cm. 500 $aIn preliminari : Omaggio della Cassa di Risparmio V.E. per le Province Siciliane 541 0 $aFondo card. C.M. Martini (5I X 59) 650 04$aCambellotti, Duilio <1876-1960> - Opere.$0(OLS)http://semarc/subject/23965 650 4$aRagusa - Prefettura.$0(OLS)http://semarc/subject/23966 700 1 $aLeone, Giuseppe.$0(OLS)http://semarc/name/42030 700 1 $aQuesada, Mario.$0(OLS)http://semarc/name/5189 850 $aSeMil 852 $aSeMil$W1$xVenegono$y1$m5I X 59$j78977$B78977$CSeMilBibl$Z2$F82149 $8I 941 1 $a4 961 $aOmaggio: Martini Card. Carlo Maria 996 $6245$aInvenzione di una prefettura :$ble tempere di Duilio Cambellotti nel Palazzo del Governo di Ragusa$9(OLS)http://semarc/title/183058 996 $6264$aMilano :$bBompiani$9(OLS)http://semarc/publisher/29706